Sports Quiz

Random Sports or MLB Quiz
Score 0/47 Timer 10:00
0 Plays Today
Position Player Name % Correct
CJames McCann
97.7%
1BJose Abreu
96.2%
SSTim Anderson
95.8%
3BYoan Moncada
95%
2BYolmer Sanchez
93.8%
LFEloy Jimenez
92.3%
SPLucas Giolito
91.9%
CWelington Castillo
90.8%
UTLeury Garcia
88.5%
C/DHZack Collins
86.5%
SPReynaldo Lopez
85.4%
CFAdam Engel
82.3%
RPAlex Colome
79.6%
SPIvan Nova
78.1%
RFDaniel Palka
76.5%
RPAaron Bummer
75.4%
SPCarlos Rodon
74.6%
1B/DHYonder Alonso
71.9%
SP Dylan Cease
70.4%
RFRyan Cordell
70%
RPKelvin Herrera
63.5%
2B/SSDanny Mendick
62.7%
RPJace Fry
62.7%
CF/RFJon Jay
62.3%
Position Player Name % Correct
CSeby Zavala
60.8%
SPDylan Covey
59.2%
SS/3BRyan Goins
58.1%
2B/3BJose Rondon
58.1%
RFCharlie Tilson
57.3%
RPCarson Fulmer
56.5%
RPEvan Marshall
56.2%
SPRoss Detwiler
53.8%
1B/DHAJ Reed
52.3%
DHMatt Skole
50%
LFNicky Delmonico
45%
RPJose Ruiz
44.2%
RPJimmy Cordero
44.2%
RPJosh Osich
39.6%
RPNate Jones
36.9%
RPHector Santiago
36.5%
SPErvin Santana
36.2%
SPOdrisamer Despaigne
36.2%
SP/RPManny Banuelos
34.6%
RPRyan Burr
29.2%
RPCaleb Frare
24.2%
RPJuan Minaya
20.8%
RPThyago Vieira
16.9%
Remove Ads.
Support Sporcle.
Get the best of Sporcle when you Go Orange. This ad-free experience offers more features, more stats, and more fun while also helping to support Sporcle. Thank you for becoming a member.

You're not logged in!

Compare scores with friends on all Sporcle quizzes.
OR
Log In

Show Comments

Extras

Top Quizzes Today


Score Distribution

Your Account Isn't Verified!

In order to create a playlist on Sporcle, you need to verify the email address you used during registration. Go to your Sporcle Settings to finish the process.

Report this User

Report this user for behavior that violates our Community Guidelines.

Details: